UK Town and City Trivia - Worcester - Statistics

General Stats
  • This quiz has been taken 9 times
  • The average score is 9 of 15
Answer Stats
Hint Answer % Correct
Major river that flows through Worcester Severn
100%
Composer of the 'Enigma Variations', born in a village on the edge of Worcester Edward Elgar
88%
Major motorway that skirts the eastern edge of Worcester M5
88%
Renowned porcelain making company founded in the city of Worcester {Royal} Worcester
88%
Canal linking Worcester with one of England's major cities Worcester & {Birmingham}
88%
Conflict in which the Battle of Worcester of 1651 was the final major battle English Civil War
75%
English monarch who was buried at Worcester Cathedral in 1216 John
75%
City based manufacturer of Worcestershire sauce Lea & {Perrins}
75%
Commander of the Parliamentarian army at the above battle Oliver Cromwell
75%
Worcester's professional rugby union club Worcester {Warriors}
63%
Worcester's two central railway stations {Foregate} Street
38%
Garment with which Worcester was once associated as a major manufacturer Gloves
38%
{Shrub} Hill
38%
Marina on the above canal close to where it joins the river {Diglis} Basin
0%
Nickname for Worcester due to its role as a Royalist stronghold The {Faithful} City
0%
No matching quizzes found
Score Distribution
Percent of People with Each Score
Percentile by Number Answered
Your Score History
You have not taken this quiz